La agenda pendiente : los desafíos de Enrique Peña Nieto /

Wedi'i Gadw mewn:
Manylion Llyfryddiaeth
Prif Awdur: Rodríguez Castañeda, Rafael (coord. y presen.)
Fformat: Llyfr
Iaith:Sbaeneg
Cyhoeddwyd: México : Temas de Hoy, 2013, c2013
Pynciau:
Tagiau: Ychwanegu Tag
Dim Tagiau, Byddwch y cyntaf i dagio'r cofnod hwn!

MARC

LEADER 00000nam^a2200000^a^4500
001 000333504
005 20250521000000.0
008 130919 20132013
009 20260526140825.716
020 |a 978-607-07-1518-1 
037 |a Acervo ITESO - Biblioteca 
041 |a ESP 
082 |a 320. 9720713  |b ROD 
100 |a Rodríguez Castañeda, Rafael  |e (coord. y presen.) 
245 1 3 |a La agenda pendiente :  |b los desafíos de Enrique Peña Nieto /  |c Coord. y presen. de R. Rodríguez Castañeda. 
264 4 |a México :  |b Temas de Hoy,  |c 2013, c2013 
300 |a 301 p. 
336 |a texto  |b txt  |2 rdacontenido 
337 |a sin mediación  |b n  |2 rdamedio 
338 |a volumen  |b nc  |2 rdasoporte 
649 |a XX 
650 |a Iglesia y Estado -  |z México -  |x Historia -  |y 2012-2018 
650 |a Partidos Políticos -  |z México -  |x Historia -  |y 2012-2018 
650 |a Política de Género -  |z México -  |x Historia -  |y 2012-2018 
650 |a Política Cultural -  |z México -  |x Historia -  |y 2012-2018 
650 |a Política de Comunicación -  |z México -  |x Historia -  |y 2012-2018 
650 |a Política Militar -  |z México -  |x Historia -  |y 2012-2018 
650 |a Política Exterior -  |z México -  |x Historia -  |y 2012-2018 
650 |a Política -  |z México -  |x Historia -  |y 2012-2018 -  |x Tema Principal 
650 |a México -  |x Historia -  |y 2012-2018 
650 |a México -  |x Condiciones Políticas 
650 |a Peña Nieto, Enrique -  |x Tema Principal 
910 |a Fondo General 
920 |a Impresos - Libros 
930 |a Colección General 
905 |a 101 
901 |a 0500223112  |b IT1  |c ACC  |i C137776  |u 20250521 
902 |a https://opac.biblio.iteso.mx/vufind/Record/000333504